000 00545nam a22001937a 4500
003 OSt
005 20160722155432.0
008 160722b xxu||||| |||| 00| 0 eng d
020 _a978-0-07-110696-2
040 _cLIC
082 _22007
_aDC 570
_bM26e
100 _911723
_aMader, Sylvia S.
245 _aEssentials of biology/
_cMader, Sylvia S.
260 _aBoston:
_bMcGraw-Hill,
_cc2007.
300 _axxv, 645 pages:
_bcolor illustrations;
_c27 cm.
500 _aIncludes glossary and index.
650 0 _911724
_aBiology
942 _2ddc
_cDC
999 _c3521
_d3521